Consideraciones sobre traumatología cráneo-encefálica / (Registro nro. 37293)
[ vista simple ]
| 000 -LEADER | |
|---|---|
| campo de control de longitud fija | 00473nam a2200157 i 4500 |
| 001 - NÚMERO DE CONTROL | |
| campo de control | 37293 |
| 003 - IDENTIFICADOR DE NÚMERO DE CONTROL | |
| campo de control | ES-MaACL |
| 005 - FECHA Y HORA DE LA ÚLTIMA TRANSACCIÓN | |
| campo de control | 20230906155536.0 |
| 007 - CAMPO FIJO DE DESCRIPCIÓN FÍSICA--INFORMACIÓN GENERAL | |
| campo de control de longitud fija | t| |
| 008 - DATOS DE LONGITUD FIJA--INFORMACIÓN GENERAL | |
| campo de control de longitud fija | 030220s1971 sp ||||1| spa d |
| 100 1# - ENTRADA PRINCIPAL--NOMBRE DE PERSONA | |
| Nombre de persona | Bueno Martínez, Fernando. |
| 9 (RLIN) | 32403 |
| 245 10 - MENCIÓN DEL TÍTULO | |
| Título | Consideraciones sobre traumatología cráneo-encefálica / |
| Mención de responsabilidad, etc. | Fernando Bueno Martínez. |
| 260 ## - PUBLICACIÓN, DISTRIBUCIÓN, ETC. | |
| Lugar de publicación, distribución, etc. | Oviedo : |
| Nombre del editor, distribuidor, etc. | Aut., |
| Fecha de publicación, distribución, etc. | 1971. |
| 300 ## - DESCRIPCIÓN FÍSICA | |
| Extensión | 416 p., 14 lám. ; |
| Dimensiones | 25 cm. |
| 852 ## - LOCALIZACIÓN | |
| Ubicación | ES-MaACL |
| Número de control de estantería | C-39053 |
| Sublocalización o colección | R.79300 |
| Estatus retirado | Estado de pérdida | Estado de daño | No para préstamo | Biblioteca de origen | Biblioteca actual | Ubicación en estantería | Fecha de adquisición | Fuente de adquisición | Total de préstamos | Signatura topográfica completa | Código de barras | Visto por última vez | Precio de reemplazo | Tipo de ítem Koha |
|---|---|---|---|---|---|---|---|---|---|---|---|---|---|---|
| Biblioteca del Ateneo de Madrid | Biblioteca del Ateneo de Madrid | Depósito 2 | 17/01/2008 | C-39053 | 1039243 | 23/02/2023 | 23/02/2023 | Libro impreso |
